| 000 | 00394nam a2200157Ia 4500 | ||
|---|---|---|---|
| 008 | 230917s9999||||xx |||||||||||||| ||und|| | ||
| 020 | _cPOU6.5 | ||
| 040 |
_e4253 _aMAIN |
||
| 041 | _aEnglish | ||
| 082 | _a332.456 K935E | ||
| 100 | _aKrueger, Anne O | ||
| 245 | 0 | _aExchange-rate determination | |
| 260 |
_aCambridge _bCambridge University Press _c1983 |
||
| 300 | _aix, 218 p. | ||
| 942 | _cBK | ||
| 999 |
_c38169 _d38169 |
||